Cestovní ruch vydělává.

Od r. 1989 rýchlo narastajú valutové príjmy od zahraničných návštevníkov. Príjmy z cestovného ruchu tvoria vyše 12 perc. výnosov celého čs. zahraničného obchodu. Rozširovanie služieb cestovného ruchu zvyšuje zamestnanosť, oživuje stavebníctvo. Vývoj cestovného ruchu je však živelný a začínajú sa pre...

Full description

Saved in:
Bibliographic Details
Main Author: Simonian, Aram
Format: Book Chapter
Language:Czech
Subjects:
Tags: Add Tag
No Tags, Be the first to tag this record!

MARC

LEADER 00000naa a2200000 4500
001 r011036
005 20220831083530.2
041 0 |a cze 
044 |a [CS] 
245 1 0 |a Cestovní ruch vydělává.  |c A. Simonian 
520 |a Od r. 1989 rýchlo narastajú valutové príjmy od zahraničných návštevníkov. Príjmy z cestovného ruchu tvoria vyše 12 perc. výnosov celého čs. zahraničného obchodu. Rozširovanie služieb cestovného ruchu zvyšuje zamestnanosť, oživuje stavebníctvo. Vývoj cestovného ruchu je však živelný a začínajú sa prejavovať jeho negatívne dôsledky. Hotely a reštaurácie požadujú svetové ceny, poskytnuté služby však nemajú potrebnú kvalitu. Znižuje sa bezpečnosť zahraničných turistov a pod. 
610 2 0 |a ruch cestovný 
610 2 0 |a príjmy 
610 2 0 |a ČSFR 
610 2 0 |a služby 
610 2 0 |a ceny 
610 2 0 |a turistika 
100 1 |a Simonian, Aram